Textbook of hydraulics, fluid mechanics and hydraulic machines (Record no. 27362)

MARC details
000 -LEADER
fixed length control field 00327nam a2200121Ia 4500
082 ## - DEWEY DECIMAL CLASSIFICATION NUMBER
Classification number 532
Item number KHU
100 ## - MAIN ENTRY--AUTHOR NAME
Personal name Khurmi, R S
245 #0 - TITLE STATEMENT
Title Textbook of hydraulics, fluid mechanics and hydraulic machines
260 ## - PUBLICATION, DISTRIBUTION, ETC. (IMPRINT)
Place of publication New Delhi
Name of publisher S Chand
Year of publication 1978
650 ## - SUBJECT ADDED ENTRY--TOPICAL TERM
Topical Term Hydraulics
942 ## - ADDED ENTRY ELEMENTS (KOHA)
Koha item type Books
Holdings
Withdrawn status Lost status Damaged status Not for loan Home library Current library Date acquired Cost, normal purchase price Full call number Accession Number Koha item type
        RRII Library RRII Library 16/12/2021 25.00 532 KHU 07988 Books